Inventarizace majetku a závazků - významný předpoklad průkaznosti účetnictví.
Pojednanie o paragrafoch 29 a 30 Zákona o účtovníctve. Povinnosti účtovných jednotiek a zmysel inventarizácie. Stručná charakteristika a rozbor zákonnej úpravy inventarizácií. Poznámky k aplikácii jednotnej úpravy inventarizácií v účtovných jednotkách.
Salvato in:
| Autore principale: | |
|---|---|
| Natura: | Capitolo di libro |
| Lingua: | ceco |
| Soggetti: | |
| Tags: |
Nessun Tag, puoi essere il primo ad aggiungerne!!
|
MARC
| LEADER | 00000naa a2200000 4500 | ||
|---|---|---|---|
| 001 | r008126 | ||
| 005 | 20220831085408.1 | ||
| 041 | 0 | |a cze | |
| 044 | |a [CS] | ||
| 245 | 1 | 0 | |a Inventarizace majetku a závazků - významný předpoklad průkaznosti účetnictví. |c V. Schiffer |
| 520 | |a Pojednanie o paragrafoch 29 a 30 Zákona o účtovníctve. Povinnosti účtovných jednotiek a zmysel inventarizácie. Stručná charakteristika a rozbor zákonnej úpravy inventarizácií. Poznámky k aplikácii jednotnej úpravy inventarizácií v účtovných jednotkách. | ||
| 610 | 2 | 0 | |a účtovníctvo |
| 610 | 2 | 0 | |a zákony |
| 610 | 2 | 0 | |a inventarizácia |
| 610 | 2 | 0 | |a ČSFR |
| 100 | 1 | |a Schiffer, V. | |